Stuttgart Biggest Transfers - Statistics

General Stats
  • This quiz has been taken 94 times
  • The average score is 71 of 188
Answer Stats
% Correct
Incomings Guinea ST Serhou Guirassy 23/24 Rennes
93%
Incomings Switzerland GK Gregor Kobel 20/21 Hoffenheim
89%
Outgoings Switzerland GK Gregor Kobel 21/22 Borussia Dortmund
89%
Incomings Greece CB Konstantinos Mavropanos 22/23 Arsenal
89%
Outgoings Greece CB Konstantinos Mavropanos 23/24 West Ham United
89%
Incomings Germany ST Mario Gomez 17/18 Wolfsburg
87%
Outgoings Germany ST Mario Gomez 09/10 Bayern Munich
87%
Incomings Argentina RW Nicolas Gonzalez 18/19 Argentinos Juniors
87%
Outgoings Argentina RW Nicolas Gonzalez 21/22 Fiorentina
87%
Incomings DR Congo RW Silas Katompa Mvumpa 19/20 Paris
87%
Incomings Croatia LB Borna Sosa 18/19 Dinamo Zagreb
84%
Outgoings Croatia LB Borna Sosa 23/24 Ajax
84%
Incomings Turkey CB Ozan Kabak 18/19 Galatasaray
84%
Outgoings Turkey CB Ozan Kabak 19/20 Schalke
84%
Incomings Serbia LM Filip Kostic 14/15 Groningen
80%
Outgoings Serbia LM Filip Kostic 16/17 Hamburg
80%
Incomings Austria ST Sasa Kalajdzic 19/20 Admira Wacker
80%
Outgoings Austria ST Sasa Kalajdzic 22/23 Wolverhampton Wanderers
80%
Incomings Germany DM Angelo Stiller 23/24 Hoffenheim
78%
Incomings France CB Benjamin Pavard 16/17 Lille
78%
Outgoings France CB Benjamin Pavard 19/20 Bayern Munich
78%
Outgoings Germany ST Timo Werner 16/17 RB Leipzig
78%
Incomings Germany LW Tobias Werner 16/17 Augsburg
78%
Incomings Japan DM Wataru Endo 20/21 Sint-Truiden
78%
Outgoings Japan DM Wataru Endo 23/24 Liverpool
78%
Incomings Belarus AM Aleksandr Hleb 09/10 Barcelona
73%
Outgoings Belarus AM Aleksandr Hleb 05/06 Arsenal
73%
Incomings Germany GK Florian Muller 21/22 Mainz
73%
Outgoings Germany GK Florian Muller 23/24 Freiburg
73%
Incomings Germany CB Waldemar Anton 20/21 Hannover
73%
Outgoings Germany CM Sami Khedira 10/11 Real Madrid
71%
Outgoings Germany CB Antonio Rudiger 16/17 Roma
67%
Outgoings Germany CB Antonio Rudiger 15/16 Roma
67%
Incomings Argentina DM Santiago Ascacibar 17/18 Estudiantes
67%
Outgoings Argentina DM Santiago Ascacibar 19/20 Hertha Berlin
67%
Incomings Bosnia ST Vedad Ibisevic 11/12 Hoffenheim
67%
Incomings South Korea AM Jeong Woo-yeong 23/24 Freiburg
64%
Incomings Belgium CM Orel Mangala 17/18 Anderlecht
64%
Outgoings Belgium CM Orel Mangala 22/23 Nottingham Forest
64%
Incomings Germany GK Alexander Nubel 23/24 Bayern Munich
62%
Incomings Germany RB Josha Vagnoman 22/23 Hamburg
60%
Incomings Argentina RB Pablo Maffeo 18/19 Manchester City
60%
Outgoings Argentina RB Pablo Maffeo 22/23 Mallorca
60%
Outgoings Germany GK Sven Ulreich 15/16 Bayern Munich
58%
Incomings Germany CM Gonzalo Castro 18/19 Borussia Dortmund
56%
Incomings Australia GK Mitchell Langerak 15/16 Borussia Dortmund
56%
Incomings Germany GK Ron-Robert Zieler 17/18 Leicester City
56%
Outgoings Germany CB Serdar Tasci 13/14 Spartak Moscow
56%
Incomings Serbia CM Zdravko Kuzmanovic 09/10 Fiorentina
56%
Outgoings Serbia CM Zdravko Kuzmanovic 12/13 Inter Milan
56%
Incomings Romania AM Alexandru Maxim 12/13 Pandurii
53%
Outgoings Romania AM Alexandru Maxim 17/18 Mainz
53%
Incomings Denmark ST Jon Dahl Tomasson 05/06 Milan
53%
Incomings Germany LW Chris Fuhrich 21/22 Paderborn
51%
Outgoings Germany CM Christian Gentner 08/09 Wolfsburg
51%
Incomings Ivory Coast LB Arthur Boka 06/07 Strasbourg
49%
Incomings Germany ST Daniel Ginczek 14/15 Nuremberg
49%
Outgoings Germany ST Daniel Ginczek 18/19 Wolfsburg
49%
Outgoings Germany GK Bernd Leno 11/12 Bayer Leverkusen
47%
Outgoings Germany DM Christian Trasch 11/12 Wolfsburg
47%
Incomings Portugal CB Fernando Meira 01/02 Benfica
47%
Outgoings Portugal CB Fernando Meira 08/09 Galatasaray
47%
Incomings Germany DM Joshua Kimmich 15/16 RB Leipzig
47%
Outgoings Germany DM Joshua Kimmich 15/16 Bayern Munich
47%
Outgoings Germany ST Julian Schieber 12/13 Borussia Dortmund
47%
Outgoings Germany DM Sebastian Rudy 10/11 Hoffenheim
47%
Incomings Romania ST Ciprian Marica 07/08 Shakhtar Donetsk
44%
Incomings Japan AM Genki Haraguchi 22/23 Union Berlin
44%
Incomings Brazil ST Giovane Elber 94/95 Milan
44%
Outgoings Brazil ST Giovane Elber 97/98 Bayern Munich
44%
Outgoings Japan ST Shinji Okazaki 13/14 Mainz
44%
Outgoings Germany CB Timo Baumgartl 19/20 PSV
44%
Incomings Germany RB Andreas Beck 17/18 Besiktas
42%
Outgoings Germany RB Andreas Beck 08/09 Hoffenheim
42%
Incomings Poland GK Przemyslaw Tyton 15/16 PSV
42%
Incomings Mexico RB Ricardo Osorio 06/07 Cruz Azul
42%
Incomings Denmark ST Wahid Faghir 21/22 Vejle
42%
Incomings Greece RW Anastasios Donis 17/18 Juventus
40%
Outgoings Greece RW Anastasios Donis 20/21 Reims
40%
Outgoings Greece RW Anastasios Donis 19/20 Reims
40%
Outgoings Germany RB Andreas Hinkel 06/07 Sevilla
40%
Outgoings North Macedonia LW Darko Churlinov 22/23 Burnley
40%
Incomings France AM Enzo Millot 21/22 Monaco
40%
Incomings Russia ST Pavel Pogrebnyak 09/10 Zenit
40%
Incomings Germany AM Philipp Forster 19/20 Sandhausen
40%
Incomings Denmark DM William Kvist 11/12 Kobenhavn
40%
Incomings DR Congo RW Chadrac Akolo 17/18 Sion
38%
Outgoings DR Congo RW Chadrac Akolo 20/21 Amiens
38%
Outgoings Germany ST Fredi Bobic 99/00 Borussia Dortmund
38%
Outgoings Germany CB Karlheinz Forster 86/87 Marseille
38%
Incomings Netherlands CB Khalid Boulahrouz 08/09 Chelsea
38%
Incomings France CM Naouirou Ahamada 21/22 Juventus
38%
Outgoings France CM Naouirou Ahamada 22/23 Crystal Palace
38%
Incomings Germany RB Pascal Stenzel 20/21 Freiburg
38%
Outgoings Ivory Coast DM Serey Die 16/17 Basel
38%
Outgoings Germany ST Kevin Kuranyi 05/06 Schalke
36%
Incomings Hungary AM Tamas Hajnal 11/12 Borussia Dortmund
36%
Incomings Ecuador DM Carlos Gruezo 13/14 Barcelona (Guayaquil)
33%
Outgoings Ecuador DM Carlos Gruezo 15/16 Dallas
33%
Incomings Japan LB Gotoku Sakai 13/14 Albirex Niigata
33%
Incomings Bulgaria AM Krasimir Balakov 95/96 Sporting CP
33%
Incomings Germany ST Simone Terodde 16/17 Bochum
33%
Outgoings Germany ST Simone Terodde 17/18 Koln
33%
Outgoings Germany ST Jurgen Klinsmann 89/90 Inter Milan
31%
Incomings Germany RB Roberto Hilbert 06/07 Greuther Furth
31%
Incomings Italy LB Cristian Molinaro 10/11 Juventus
29%
Incomings Tunisia CB Karim Haggui 13/14 Hannover
29%
Incomings Mexico DM Pavel Pardo 06/07 Club America
29%
Incomings Germany GK Raphael Schafer 07/08 Nuremberg
29%
Outgoings Turkey CM Berkay Ozcan 19/20 Hamburg
27%
Incomings Brazil CB Marcelo Bordon 99/00 Sao Paulo
27%
Outgoings Brazil CB Marcelo Bordon 04/05 Schalke
27%
Incomings Italy RM Maruo Camoranesi 10/11 Juventus
27%
Incomings Germany AM Mateo Klimowicz 19/20 Instituto
27%
Incomings Germany RM Roberto Massimo 18/19 Arminia Bielefeld
27%
Incomings Guinea-Bissau LW Carlos Mane 16/17 Sporting CP
24%
Incomings Colombia ST Juan-Jose Perea 22/23 PAS Giannina
24%
Incomings Switzerland ST Marco Streller 03/04 Basel
24%
Outgoings Switzerland ST Marco Streller 07/08 Basel
24%
Incomings Portugal LM Gil Dias 22/23 Benfica
22%
Incomings Switzerland CM Anto Grgic 16/17 Zurich
20%
Incomings Germany CB Georg Niedermeier 10/11 Bayern Munich
20%
Incomings Germany ST Luca Pfeiffer 22/23 Midtjylland
20%
Incomings Mexico CB Francisco Rodriguez 11/12 PSV
18%
Outgoings Mexico CB Francisco Rodriguez 12/13 Club America
18%
Incomings Nigeria ST Jonathan Akpoborie 97/98 Hansa Rostock
18%
Outgoings Nigeria ST Jonathan Akpoborie 99/00 Wolfsburg
18%
Outgoings Germany CM Lukas Rupp 16/17 Hoffenheim
18%
Incomings Germany SW Matthias Sammer 90/91 Dynamo Dresden
18%
Outgoings Germany SW Matthias Sammer 92/93 Inter Milan
18%
Incomings Brazil AM Antonio da Silva 06/07 Mainz
16%
Incomings Austria GK Franz Wohlfahrt 96/97 Austria Vienna
16%
Incomings Germany RM Jean Zimmer 16/17 Kaiserslautern
16%
Incomings Serbia ST Jovan Milosevic 23/24 Vojvodina
16%
Incomings Germany RB Kevin Großkreutz 15/16 Galatasaray
16%
Outgoings Hungary AM Krisztian Lisztes 01/02 Werder Bremen
16%
Outgoings Austria CB Martin Stranzl 05/06 Spartak Moscow
16%
Incomings Norway ST Mohammed Abdellaoue 13/14 Hannover
16%
Incomings Germany RB Stefano Celozzi 09/10 Karlsruher
16%
Incomings Croatia DM Zvonimir Soldo 96/97 Croatia Zagreb
16%
Incomings Czech Republic LB Adam Hlousek 14/15 Nuremberg
13%
Incomings Brazil LB Ailton 17/18 Estoril Praia
13%
Incomings Netherlands CB Frank Verlaat 95/96 Auxerre
13%
Outgoings Netherlands CB Frank Verlaat 99/00 Ajax
13%
Incomings Cameroon CB Jerome Onguene 16/17 Sochaux
13%
Outgoings Cameroon CB Jerome Onguene 18/19 RB Salzburg
13%
Incomings Denmark LW Jesper Gronkjaer 05/06 Atletico Madrid
13%
Outgoings Denmark LW Jesper Gronkjaer 06/07 Kobenhavn
13%
Outgoings Austria AM Kevin Stoger 15/16 Paderborn
13%
Incomings Germany AM Philipp Klement 19/20 Paderborn
13%
Outgoings Germany DM Thomas Strunz 95/96 Bayern Munich
13%
Incomings Germany AM Timo Gebhart 08/09 1860 Munich
13%
Outgoings Germany AM Timo Gebhart 12/13 Nuremberg
13%
Incomings Bosnia CB Toni Sunjic 15/16 Kuban Krasnodar
13%
Outgoings Germany DM Christian Tiffert 06/07 RB Salzburg
11%
Incomings Switzerland AM Hakan Yakin 03/04 Basel
11%
Outgoings Switzerland AM Hakan Yakin 05/06 Young Boys
11%
Incomings Romania ST Ionel Ganea 99/00 Rapid Bucharest
11%
Incomings Switzerland CB Murat Yakin 97/98 Grasshoppers
11%
Outgoings Switzerland CB Murat Yakin 98/99 Fenerbahce
11%
Incomings Germany ST Sean Dundee 99/00 Liverpool
11%
Incomings Brazil ST Adhemar 00/01 Sao Caetano
9%
Incomings Sweden CM Alexander Farnerud 06/07 Strasbourg
9%
Incomings Serbia ST Danijel Ljuboja 06/07 Paris Saint-Germain
9%
Incomings Italy CB Federico Barba 15/16 Empoli
9%
Outgoings Germany DM Marco Haber 98/99 Las Palmas
9%
Outgoings France LW Alexis Tibidi 22/23 Troyes
7%
Incomings Brazil DM Dunga 93/94 Pescara
7%
Incomings Brazil AM Elson 04/05 Palmeiras
7%
Incomings Brazil ST Ewerthon 07/08 Real Zaragoza
7%
Incomings Germany DM Gerhard Poschner 94/95 Borussia Dortmund
7%
Incomings Czech Republic ST Jan Kliment 15/16 Jihlava
7%
Incomings France LW Johan Audel 10/11 Valenciennes
7%
Outgoings Germany SS Leon Dajaku 19/20 Bayern Munich
7%
Incomings Germany AM Maurizio Gaudino 87/88 Waldhof Mannheim
7%
Outgoings Germany AM Maurizio Gaudino 93/94 Eintracht Frankfurt
7%
Incomings Germany CB Maxime Awoudja 19/20 Bayern Munich
7%
Incomings Germany DM Silvio Meißner 00/01 Arminia Bielefeld
7%
Incomings Ghana DM Ebenezer Ofori 16/17 AIK
4%
Incomings Argentina LM Emanuel Centurion 03/04 Velez Sarsfield
4%
Incomings Germany SW Franco Foda 94/95 Bayer Leverkusen
4%
Outgoings Cameroon DM Georges Mandjeck 10/11 Rennes
4%
Incomings Czech Republic ST Pavel Kuka 99/00 Nuremberg
4%
Incomings Germany AM Andre Golke 92/93 Nuremberg
2%
Incomings Brazil ST Didi 99/00 Corinthians
2%
Incomings Germany ST Manfred Kastl 89/90 Bayer Leverkusen
2%
Incomings Serbia ST Sasa Markovic 98/99 Crvena Zvezda
2%
Incomings Switzerland DM Sebastien Fournier 96/97 Sion
2%
No matching quizzes found
Score Distribution
Percent of People with Each Score
Percentile by Number Answered
Your Score History
You have not taken this quiz